Hỏi và đáp Logic học đại cương
Nội dung được trình bày dưới dạng Hỏi và Đáp, trả lời các kiến thức được đề cập trong các giáo trình Logic học
Guardado en:
| Autor principal: | |
|---|---|
| Formato: | Libro |
| Lenguaje: | Undetermined |
| Publicado: |
H.
Đại học quốc gia Hà Nội
2011
|
| Materias: | |
| Acceso en línea: | http://lrc.tdmu.edu.vn/opac/search/detail.asp?aID=2&ID=17839 |
| Etiquetas: |
Agregar Etiqueta
Sin Etiquetas, Sea el primero en etiquetar este registro!
|
| Thư viện lưu trữ: | Trung tâm Học liệu Trường Đại học Thủ Dầu Một |
|---|
| LEADER | 00781nam a2200193Ia 4500 | ||
|---|---|---|---|
| 001 | TDMU_17839 | ||
| 008 | 210410s9999 xx 000 0 und d | ||
| 082 | |a 160.076 | ||
| 090 | |b NG527 | ||
| 100 | |a Nguyễn, Anh Tuấn | ||
| 245 | 0 | |a Hỏi và đáp Logic học đại cương | |
| 260 | |a H. | ||
| 260 | |b Đại học quốc gia Hà Nội | ||
| 260 | |c 2011 | ||
| 300 | |a 237 tr. | ||
| 520 | |a Nội dung được trình bày dưới dạng Hỏi và Đáp, trả lời các kiến thức được đề cập trong các giáo trình Logic học | ||
| 650 | |a Logic học |v Hỏi & đáp | ||
| 856 | |u http://lrc.tdmu.edu.vn/opac/search/detail.asp?aID=2&ID=17839 | ||
| 980 | |a Trung tâm Học liệu Trường Đại học Thủ Dầu Một | ||